000 00586cam a22002053a 4500
001 43933
003 PGUSA
005 20140828084012.0
008 131011s2013||||xxu|||||s|||||000 | eng d
040 _aPGUSA
_beng
042 _adc
100 1 _aPanizza, Oskar,
_d1853-1921
245 1 0 _aVisionen :
_bSkizzen und Erzählungen
_h[electronic resource] /
_cOskar Panizza
260 _bProject Gutenberg,
_c2013
506 _aPublic domain in the USA.
516 _aElectronic text
830 0 _aProject Gutenberg
_v43933
856 4 0 _uhttp://www.gutenberg.org/ebooks/43933
942 _cEB
999 _c273184
_d273184